| 000 | 00345nam a2200145Ia 4500 | ||
|---|---|---|---|
| 008 | 191201s2012 xx 000 0 und d | ||
| 082 |
_a551 _bGAP |
||
| 100 | _aGARG, SK | ||
| 245 | 0 | _aPhysical and Engineering Geology | |
| 250 | _aRev | ||
| 260 |
_aN. Delhi _bKhanna Publisher _c2012 |
||
| 300 | _a800 | ||
| 650 | _aB.Tech(CE) | ||
| 942 |
_2ddc _cBK |
||
| 999 |
_c5513 _d5513 |
||